| 000 | 00737nam a2200229Ia 4500 | ||
|---|---|---|---|
| 003 | OSt | ||
| 005 | 20240923143837.0 | ||
| 008 | 210716s2009 xx 000 0 und d | ||
| 020 | _a9788130911182 | ||
| 040 | _cAIMIT LIBRARY | ||
| 041 | _aeng | ||
| 082 |
_a378.007 _21 _bBURK |
||
| 100 |
_aBurton, Katherine. _9179988 |
||
| 245 |
_aHedge hunters : _bhedge fund masters on the rewards the risk and the reckoning / _cBy Katherine Burton. |
||
| 250 | _a1st ed. | ||
| 260 |
_aNew Delhi : _bViva Books , _c2009. |
||
| 300 |
_axiii,206p. ; _bPB _c23.7 cm |
||
| 650 |
_aWhat it takes to be the best _9179989 |
||
| 650 |
_aReasoned and unrattled _9179990 |
||
| 650 |
_aThe imperturbable oilman _9179991 |
||
| 942 |
_2ddc _cBK _e1st _k378.007 BURK |
||
| 999 |
_c205342 _d205342 |
||